000 00288nam a2200133Ia 4500
008 230312s9999||||xx |||||||||||||| ||und||
082 _a891.4
_bHAM-M
100 _aHameed,A
245 0 _aMatti Ki Moona Liza
260 _bSangeMeel
300 _a224
650 _aLiterature
942 _cBK
999 _c8634
_d8634